Uruguay-Quiz - Statistiken

Allgemein
  • Dieses Quiz wurde 1.288 mal gespielt
  • Das Durchschnittsergebnis liegt bei 11 aus 18
Antwortstatistiken
Frage Antwort % Korrekt
Nachbarland Argentinien
99%
Nachbarland Brasilien
99%
Amtssprache Spanisch
99%
Hauptstadt Montevideo
94%
Sportereignis, das Uruguay 1930 und 1950 gewann Fußball-WM
91%
Währung Peso
84%
Symbol auf der Flagge {Sol} de Mayo
71%
Mündung, wo dieser Fluss auf Paraná trifft Río de la {Plata}
68%
Fußballer, der viele seiner Gegners schon biss Luis Suárez
64%
Uruguay hat 3.42 dieser Tiere pro Kopf, weltweit das grösste Verhältnis Kühe
60%
Uruguay liegt in dieser fruchtbaren Grasregion Pampa
51%
Traditioneller Volkstanz aus der obigen Region Tango
41%
Ungefähr ein Drittel der Uruguayaner stammen ursprünglich aus diesem Land Italien
39%
2013 legalisierte Uruguay als erstes Land diese Substanz Kannabis
38%
Fluss an der westlichen Grenze Uruguays Río {Uruguay}
28%
Nationaler Motto Libertad o {Muerte}
23%
Spitzname der Fußballmannschaft Uruguays La {Celeste}
14%
Allianz, die 1865 mit den Nachbarländern gegründet wurde {Tripel}-Allianz
13%
Keine übereinstimmenden Quizze gefunden
Verteilung der Resultate
Anzahl Personen mit jedem Resultat
Perzentil nach korrekt beantworteten Fragen
Ihre Resultats-Entwicklung
Sie haben dieses Quiz noch nicht gespielt